| 000 | 00546nam a22002177a 4500 | ||
|---|---|---|---|
| 999 |
_c7468 _d7468 |
||
| 001 | 7468 | ||
| 003 | BD-JhCC | ||
| 005 | 20180210171422.0 | ||
| 008 | 180210s1957 -ukap||| |||| 00| 0 eng d | ||
| 035 | _a(BD-JhCC)7468 | ||
| 040 |
_aBD-JhCC _dBD-JhCC |
||
| 041 | _aeng | ||
| 082 |
_a808.838 _bKIN 1957 |
||
| 100 | _aKingsley, Charles | ||
| 245 |
_aWestward Ho! / _cCharles Kingsley |
||
| 260 |
_aLondon : _bGinn and Company LTD, _c1957. |
||
| 300 |
_a152 p. : _bill.; _c18 cm. |
||
| 650 | _aAdventure Series | ||
| 942 |
_2ddc _cBK |
||